V Katovej bašte ožili dávne časy, nechýbali šermiari ani hltači ohňa festival historického šermu sa tešil veľkému úspechu

Podrobná bibliografia
Hlavný autor: Tomáschová, Andrea (Autor)
Médium: Článok
Jazyk:slovenčina
Fyzický popis:Fotogr.
ISSN:1335-4566
Predmet:

MARC

LEADER 00000nab a2200000 a 4500
001 vtls008838590
003 SK-MaSNL
005 20260303071532.0
008 060814c20060814xo drz 0 0slo
038 |a KEVKJB 
040 |a KEVKJB  |b slo  |c KEVKJB  |e AACR2 
041 0 |a slo 
044 |a xo  |c SK 
080 |a 796.86:061.7  |2 2001 
100 1 |a Tomáschová, Andrea  |4 aut  |9 878366 
245 1 0 |a V Katovej bašte ožili dávne časy, nechýbali šermiari ani hltači ohňa  |b festival historického šermu sa tešil veľkému úspechu  |c Andrea Tomáschová 
300 |b Fotogr. 
650 0 7 |a historický šerm  |2 kevkjb  |9 14835 
651 7 |a Košice (Slovensko)  |2 kevkjb  |9 18694 
773 0 |t Košický denník Korzár  |g Roč. IX, č. 187 (14.8.2006), s. 4  |x 1335-4566 
852 |a KEVKJB  |b KIS3GCP 
999 |c 1760339  |d 1762269